000 00314nam a22001217a 4500
008 180420b xxu||||| |||| 00| 0 eng d
041 _aeng
080 _a043.3
100 _a0
101 _aMBE-MTH
245 _aVendimarrja menaxheriale nën kushte pasigurie në sektorin financiar
_cRexhepaj,D
942 _2udc
_cBK
999 _c45322
_d45322